000 00295nam a2200145Ia 4500
100 _aPrasanna/ Chandra
250 _a5
942 _cBK
654 _aprojects
245 _aProjects:Planning
260 _bTata Mc Graw hill
_c2002
082 _a5.74
_bPRA
300 _a745
546 _aENGLISH
999 _c21963
_d21963